| 000 | 00955nam a2200277 i 4500 | ||
|---|---|---|---|
| 001 | 66742 | ||
| 003 | ES-MaACL | ||
| 005 | 20250813060903.0 | ||
| 007 | t| | ||
| 008 | 040325s2003 sp ||||1| spa d | ||
| 020 | _a84-7844-672-9 | ||
| 080 | _a292.11 | ||
| 100 | 1 |
_aGuthrie, William Keith Chambers. _9156751 |
|
| 245 | 1 | 0 |
_aOrfeo y la religión griega _b: estudio sobre el "movimiento órfico" / _cW.K.C. Guthrie ; prefacio de Larry J. Alderink ; traducción de Juan Valmard. |
| 300 |
_a380, [8] p. de lám. : _bil. ; _c22 cm. |
||
| 490 | 1 |
_aEl árbol del paraíso ; _v30 |
|
| 500 | _aIndice. | ||
| 600 | 1 | 4 |
_aOrfeo (personaje mitológico) _987239 |
| 650 | 1 | 4 |
_aMitología griega. _915104 |
| 650 | 1 | 7 |
_aReligión griega _2embne _916804 |
| 700 | 1 |
_aAlderink, Larry J. _919642 |
|
| 700 | 1 |
_aValmard, Juan. _9112973 |
|
| 830 | 0 | 3 |
_aEl árbol del paraíso _v30 _9179942 |
| 852 |
_aES-MaACL _jL-27201 _bR.132830 |
||
| 999 |
_c66742 _d66742 |
||